000 00703nam a2200289Ia 4500
005 20260324112606.0
008 008 260324s9999 xx 000 0 eng d
020 _a9781003291954
037 _aEBOOK
040 _aCRL
040 _beng
040 _cCRL
041 _2eng
041 _aeng
084 _qCRL
100 _aAparna Hebbani
_91143339
245 0 _aRefugee Settlement in Australia
245 2 _bA Holistic Overview of Current Research and Practice
260 _bTaylor and Francis
260 _c2024
365 _a
365 _b205
856 _uhttp://www.taylorfrancis.com/books/9781003291954
942 _cEBOOK
999 _c1732597
_d1732597